SNS rieši konkrétne problémy obyvateľov Slovenska ústretovosť vládnej koalície je len pretvárkou ...

Bibliographic Details
Main Authors: Rafaj, Rafael, 1959- (ain), Belousovová, Anna, 1959- (Author, uin)
Format: Article
Language:Slovak
PhysicalDescription:Fotogr.
ISSN:1335-4698
Subjects:

MARC

LEADER 00000nab a2200000 a 4500
001 vtls000732694
003 SK-MaSNL
005 20260303201333.0
008 180205c2000 xo 0 slo
015 |a SNBRB2000/09-23925 
035 |a CLN000084805 
040 |a SNKBUCL  |b slo  |c SNKBUCL  |e AACR2 
041 0 |a slo 
044 |a xo  |c SK 
080 |a 329.17(437.6)SNS  |2 UDC-MRF-SK2 
100 1 |a Rafaj, Rafael,  |d 1959-  |4 ain  |9 106517 
245 1 0 |a SNS rieši konkrétne problémy obyvateľov Slovenska  |b ústretovosť vládnej koalície je len pretvárkou ...  |c Rafael Rafaj, Anna Malíková 
300 |b Fotogr. 
610 2 7 |a Slovenská národná strana (1990-)  |2 snkbucl  |9 31006 
655 7 |a články z novín a časopisov  |2 snkbucl  |9 267496 
700 1 |a Belousovová, Anna,  |d 1959-  |4 aut  |4 uin  |9 73963 
773 0 |x 1335-4698  |t Slovenská republika  |g Roč. 8, č. 200 (30.8.2000), s. nestr.[11] 
850 |a Slovenská národná knižnica v Martine 
852 |a SNK  |b KIS3GCP 
958 |a RBX 
999 |c 2173413  |d 2175343